| 000 | 01385nam a22002657a 4500 | ||
|---|---|---|---|
| 999 |
_c6943 _d6943 |
||
| 003 | AR-CdUCM | ||
| 008 | 190319b ||||| |||| 00| 0 spa d | ||
| 020 | _a978-612-4202-23-0 | ||
| 040 |
_aMUNICIPALIDAD PROVINCIAL DEL CUSCO _cBIBLIOTECA MUNICIPAL DEL CUSCO |
||
| 082 |
_22ed. (versión 1964) _a985.01 / _bV18 |
||
| 100 |
_aValcárcel , Luis Eduardo _9980 |
||
| 245 |
_aHistoria del Perú antiguo : _ba través de la fuente escrita historiadores de los siglos XVI, XVII y XVIII / |
||
| 260 |
_aLima : _bEds. Copé, _c2015. |
||
| 300 |
_a3 tomos ; _bilustraciones a color ; mapas ; _c25 cm. |
||
| 505 | _aContenido: t.1: Primera visión española del Perú -- Crónicas de viaje -- Tahuantinsuyu -- Economía, política, derecho y moral -- Ciencia y técnica -- t.2. Religión, magia, mito y juego -- Arte -- Educación e idioma -- Organización social -- t.3. La historia de los incas en las versiones de Cieza, Sarmiento, Garcilaso y Cobo -- La historia de los reyes incas en otras fuentes -- Nóminas de los reyes incas -- Reyes, reinas y clanes imperiales -- Calendario. | ||
| 650 |
_aCronistas _91200 |
||
| 650 |
_aVida y costumbres sociales _9857 |
||
| 650 |
_aÉpoca Prehispánica _92714 |
||
| 650 |
_aHistoria _9136 |
||
| 650 |
_aDescubrimiento y Conquista, 1522-1536 _919348 |
||
| 650 |
_aDocumentos _97186 |
||
| 650 |
_aPerú _935 |
||
| 942 |
_2ddc _cLIBROS |
||
| 945 | _azta | ||